[Event "Championnat de France des Jeunes - Benjamines"]
[Site "MONTLUCON"]
[Date "2011.04.21"]
[Round "6.2"]
[White "Banat, Rizlene"]
[Black "Baldi, Valentine"]
[Result "0-1"]
[WhiteElo "1667"]
[BlackElo "1589"]
[PlyCount "110"]

1. c4 c6 2. Nf3 d5 3. g3 Nf6 4. Bg2 Bf5 5. cxd5 cxd5 6. Qb3 Qb6 7. O-O Nbd7 8.
Nc3 e6 9. d3 Be7 10. Be3 Qb4 11. Qxb4 Bxb4 12. Nb5 Ke7 13. Rfc1 a6 14. Nbd4 Bg6
15. a3 Bd6 16. b4 Rac8 17. Nb3 e5 18. Bh3 d4 19. Bd2 Nd5 20. Bg2 N5b6 21. Nc5
Rc7 22. a4 Nf6 23. Ng5 Nbd5 24. Nge4 Nxe4 25. Bxe4 Bxe4 26. Nxe4 Rhc8 27. Nxd6
Kxd6 28. b5 axb5 29. axb5 Rxc1+ 30. Rxc1 Rxc1+ 31. Bxc1 Nc3 32. Ba3+ Kd5 33.
Kf1 Nxb5 34. Bb4 Nc3 35. Ke1 Kc6 36. Kd2 Nd5 37. Ba3 f5 38. Bf8 g6 39. Bg7 Kd6
40. f4 exf4 41. Bxd4 fxg3 42. hxg3 h5 43. e4 fxe4 44. dxe4 Ne7 45. Kd3 Nc6 46.
Bc3 b5 47. Ke3 b4 48. Bb2 Ne5 49. Kd4 g5 50. Bc1 h4 51. Bxg5 h3 52. Bf4 h2 53.
Bxe5+ Ke6 54. Bf4 h1=Q 55. Kc4 Qxe4+ 0-1

[Event "Championnat de France des Jeunes - Benjamines"]
[Site "MONTLUCON"]
[Date "2011.04.21"]
[Round "6.3"]
[White "Bellaiche, Elise"]
[Black "Dieuleveut, Floriane"]
[Result "1-0"]
[WhiteElo "1916"]
[BlackElo "1636"]
[PlyCount "63"]

1. e4 c5 2. Nc3 Nc6 3. f4 g6 4. Nf3 Bg7 5. Bb5 e6 6. Bxc6 dxc6 7. e5 Ne7 8. Ne4
Nf5 9. g4 Nd4 10. Nd6+ Kf8 11. d3 h6 12. Be3 Qb6 13. Nc4 Qd8 14. c3 Nxf3+ 15.
Qxf3 b6 16. O-O-O Qd5 17. Qe2 Ba6 18. b3 Qd7 19. Nd6 Kg8 20. h4 h5 21. Qg2 Rd8
22. d4 cxd4 23. Rxd4 Qc7 24. Rhd1 Rf8 25. Ne4 Qe7 26. Ng5 Qc5 27. Kb2 Qb5 28.
c4 Qb4 29. a3 Qe7 30. Rd7 Qe8 31. Rxa7 Bc8 32. Bxb6 1-0

[Event "Championnat de France des Jeunes - Benjamines"]
[Site "MONTLUCON"]
[Date "2011.04.21"]
[Round "6.4"]
[White "Susini, Noelia"]
[Black "Sauve, Anne-Charlotte"]
[Result "1-0"]
[WhiteElo "1623"]
[BlackElo "1756"]
[PlyCount "97"]

1. e4 e5 2. Nf3 Nf6 3. Nc3 Bb4 4. Nd5 Nxd5 5. exd5 e4 6. Nd4 O-O 7. Bc4 d6 8.
O-O Nd7 9. d3 Re8 10. Bf4 Qf6 11. Be3 Bc5 12. c3 a6 13. Bb3 exd3 14. Qxd3 Ne5
15. Qd1 Ng4 16. Qd2 Bd7 17. Bg5 Qg6 18. Bc2 Qh5 19. Bf4 Ne5 20. Bd1 Qg6 21. Bc2
Nc4 22. Bxg6 Nxd2 23. Bxf7+ Kxf7 24. Bxd2 Bxd4 25. cxd4 Re2 26. Rfd1 Bf5 27.
Rac1 Re7 28. f3 b5 29. Ba5 Ra7 30. Re1 Rd7 31. g4 Bd3 32. b3 Kf6 33. h4 Bg6 34.
Re6+ Kf7 35. h5 Bxh5 36. gxh5 h6 37. Kf2 Kf8 38. Rce1 Kf7 39. f4 Ra8 40. Kg3
Rb8 41. Bd2 b4 42. f5 a5 43. Kf4 Rb5 44. Ke4 Rb7 45. Rf1 Re7 46. f6 Rxe6+ 47.
dxe6+ Kxe6 48. fxg7 Rb8 49. Rf8 1-0

[Event "Championnat de France des Jeunes - Benjamines"]
[Site "MONTLUCON"]
[Date "2011.04.21"]
[Round "6.5"]
[White "Nicolas, Gabrielle"]
[Black "Saliou, Sarah"]
[Result "1-0"]
[WhiteElo "1580"]
[BlackElo "1640"]
[PlyCount "51"]

1. d4 d5 2. c4 e5 3. e3 e4 4. Nc3 Nf6 5. Nge2 Nc6 6. Nf4 Bb4 7. Qb3 Be6 8. Be2
dxc4 9. Bxc4 Bxc4 10. Qxc4 Qe7 11. O-O O-O 12. Bd2 Na5 13. Qb5 a6 14. Qf5 Nc4
15. Nfd5 Nxd5 16. Nxd5 Qh4 17. Bxb4 Nd6 18. Bxd6 cxd6 19. Rac1 b6 20. Rc7 Rab8
21. Rfc1 g6 22. Qf6 Qxf6 23. Nxf6+ Kg7 24. Nd7 Rfd8 25. Nxb8 Rxb8 26. Rd7 1-0

[Event "Championnat de France des Jeunes - Benjamines"]
[Site "MONTLUCON"]
[Date "2011.04.21"]
[Round "6.6"]
[White "Abidi, Hasma"]
[Black "Dory, Manon"]
[Result "0-1"]
[WhiteElo "1658"]
[BlackElo "1620"]
[PlyCount "114"]

1. d4 d5 2. c4 e6 3. Nc3 Nf6 4. cxd5 exd5 5. Bg5 Be7 6. e3 h6 7. Bh4 O-O 8. Bd3
b6 9. Nge2 Bb7 10. Qc2 Nbd7 11. O-O c5 12. Rae1 c4 13. Bf5 a6 14. Kh1 b5 15. a3
Bc6 16. f3 a5 17. Bxd7 Qxd7 18. Bxf6 Bxf6 19. e4 Rad8 20. e5 Be7 21. Nf4 Qc7
22. Qd2 b4 23. axb4 axb4 24. Nd1 Bb5 25. Rf2 Qc6 26. e6 g5 27. exf7+ Rxf7 28.
Ng6 Qxg6 29. Ne3 Bc6 30. Ng4 Bd6 31. Ne5 Bxe5 32. Rxe5 Re8 33. Rxe8+ Bxe8 34.
Re2 Bc6 35. Qxb4 Rb7 36. Qe1 Kf7 37. Rf2 Re7 38. Qd1 Qd3 39. Qc1 Qxd4 40. Rd2
Qe3 41. h3 Qe1+ 42. Qxe1 Rxe1+ 43. Kh2 Ke6 44. Kg3 Kf5 45. Kf2 Re5 46. g4+ Kf6
47. Kg3 Re6 48. Kf2 Ke7 49. Kg3 Kd6 50. Kf2 Kc5 51. Kg3 d4 52. Kf2 d3 53. Kg3
Re3 54. Rf2 Kb4 55. Kg2 c3 56. bxc3+ Kxc3 57. Kg1 Rxf3 0-1

[Event "Championnat de France des Jeunes - Benjamines"]
[Site "MONTLUCON"]
[Date "2011.04.21"]
[Round "6.7"]
[White "Dusserre, Salome"]
[Black "Likhoded, Victoria"]
[Result "1-0"]
[WhiteElo "1560"]
[BlackElo "1671"]
[PlyCount "73"]

1. e4 d6 2. d4 Nf6 3. Nc3 c6 4. a4 a5 5. g3 Nbd7 6. Bg2 e5 7. Nge2 Be7 8. O-O
O-O 9. h3 Re8 10. Be3 Qc7 11. Qd2 Nf8 12. g4 Ne6 13. Rae1 h5 14. g5 Nh7 15. h4
f6 16. f4 exf4 17. Nxf4 fxg5 18. Nxe6 Bxe6 19. hxg5 Qd8 20. g6 Nf8 21. Qe2 Bg4
22. Qc4+ Kh8 23. Nd1 Bh4 24. Bf2 Nxg6 25. Qf7 Bxf2+ 26. Nxf2 Ne7 27. Nxg4 hxg4
28. Qh5+ Kg8 29. Qxg4 Qc8 30. Qh5 Rf8 31. Bh3 g6 32. Qh6 Nf5 33. exf5 gxf5 34.
Re7 Rf7 35. Qg6+ Kh8 36. Rxf7 Qe8 37. Qh7# 1-0

[Event "Championnat de France des Jeunes - Benjamines"]
[Site "MONTLUCON"]
[Date "2011.04.21"]
[Round "6.8"]
[White "Koch, Marion"]
[Black "Mirete, Rita"]
[Result "0-1"]
[WhiteElo "1650"]
[BlackElo "1550"]
[PlyCount "44"]

1. d4 Nf6 2. c4 e6 3. Nc3 Bb4 4. Bd2 b6 5. Nf3 Bb7 6. e3 Bxc3 7. Bxc3 Ne4 8.
Rc1 f5 9. Be2 O-O 10. O-O Nxc3 11. Rxc3 Rf6 12. b4 Rh6 13. c5 Qe8 14. Ne5 d6
15. Nd3 Qe7 16. Bf3 Qh4 17. h3 Be4 18. Bxe4 fxe4 19. Nb2 Rg6 20. cxd6 Qxh3 21.
g3 Rh6 22. f3 Qh2# 0-1

[Event "Championnat de France des Jeunes - Benjamines"]
[Site "MONTLUCON"]
[Date "2011.04.21"]
[Round "6.9"]
[White "Dedisse, Mariane"]
[Black "Joudelat, Noemie"]
[Result "0-1"]
[WhiteElo "1530"]
[BlackElo "1732"]
[PlyCount "84"]

1. d4 Nf6 2. c4 c5 3. Nf3 g6 4. e3 Bg7 5. Nc3 b6 6. Be2 d6 7. dxc5 bxc5 8. Nd5
Nc6 9. O-O O-O 10. Nxf6+ Bxf6 11. Rb1 Bf5 12. Bd3 Bxd3 13. Qxd3 Nb4 14. Qa3 Rb8
15. Qb3 Qa5 16. a3 Nc6 17. Qc2 Qa6 18. Bd2 Na5 19. Rfc1 Nb3 20. Rd1 Nxd2 21.
Rxd2 Rb6 22. Ne1 Rfb8 23. Nd3 Qb7 24. f3 Rb3 25. Kf1 a5 26. Kg1 a4 27. Kf1 Qa6
28. Nc1 Rxe3 29. Rd3 Rxd3 30. Nxd3 Rb3 31. Nf4 Bd4 32. Nd3 d5 33. Nc1 Re3 34.
b3 axb3 35. Rxb3 Re6 36. Ne2 dxc4 37. Rb8+ Kg7 38. Nxd4 cxd4 39. Kf2 d3 40.
Qc3+ f6 41. Rb4 Re2+ 42. Kf1 Qa7 0-1

[Event "Championnat de France des Jeunes - Benjamines"]
[Site "MONTLUCON"]
[Date "2011.04.21"]
[Round "6.10"]
[White "Auvray, Honorine"]
[Black "Rouffignac, Marie"]
[Result "0-1"]
[WhiteElo "1735"]
[BlackElo "1551"]
[PlyCount "66"]

1. e4 e5 2. Nf3 Nc6 3. Bb5 a6 4. Ba4 Nf6 5. O-O b5 6. Bb3 Bb7 7. Ng5 d5 8. exd5
Nd4 9. Nf3 Nxb3 10. axb3 e4 11. Re1 Be7 12. Nh4 O-O 13. Nf5 Bxd5 14. Nc3 Bc5
15. Ne3 Bb7 16. Ne2 Re8 17. Ng3 Qd7 18. Nh5 Qe6 19. Nf4 Qd6 20. Ne2 Rad8 21.
Ng3 Qd7 22. h3 Bb6 23. Qe2 Qe6 24. Rd1 Nd5 25. Nxd5 Qxd5 26. Re1 e3 27. fxe3
Re6 28. Rf1 Rg6 29. Qf2 Rdd6 30. Kh2 Rdf6 31. Qe2 Qe5 32. Rf4 Rxg3 33. Kg1 Rxf4
0-1

[Event "Championnat de France des Jeunes - Benjamines"]
[Site "MONTLUCON"]
[Date "2011.04.22"]
[Round "7.1"]
[White "Haussernot, Cecile"]
[Black "Baldi, Valentine"]
[Result "1-0"]
[WhiteElo "2013"]
[BlackElo "1589"]
[Annotator ""]

1. e4 c6 2. d4 d5 3. f3 Nd7 4. Nc3 e6 5. Bd3 Bb4 6. Bd2 Ne7 7. Nge2 dxe4 8.
fxe4 e5 9. d5 cxd5 10. Nxd5 Bxd2+ 11. Qxd2 O-O 12. O-O-O a6 13. g4 Ng6 14. g5
Nc5 15. h4 Ne6 16. h5 Ngf4 17. Nexf4 exf4 18. h6 g6 19. Qc3 f6 20. Nxf6+ Kf7
21. Bc4 Qe7 1-0

[Event "Championnat de France des Jeunes - Benjamines"]
[Site "MONTLUCON"]
[Date "2011.04.22"]
[Round "7.2"]
[White "Dory, Manon"]
[Black "Bellaiche, Elise"]
[Result "1/2-1/2"]
[WhiteElo "1620"]
[BlackElo "1916"]
[PlyCount "154"]

1. e4 e6 2. d4 d5 3. Nc3 Nf6 4. Bg5 Be7 5. e5 Nfd7 6. Bxe7 Qxe7 7. Nf3 a6 8.
Bd3 c5 9. O-O Nc6 10. dxc5 Ndxe5 11. Nxe5 Nxe5 12. b4 Nc6 13. a3 O-O 14. Na4
Bd7 15. Nb6 Rad8 16. Re1 Be8 17. Re3 f5 18. f4 a5 19. Qe1 Rf6 20. Qd2 Bf7 21.
g3 Qc7 22. Bb5 h6 23. Rd3 Na7 24. Ba4 Be8 25. Bxe8 Rxe8 26. c4 dxc4 27. Nxc4
Re7 28. Nxa5 e5 29. fxe5 Qxe5 30. Rd1 f4 31. Rd8+ Kh7 32. Qd3+ g6 33. Qd5 Qe3+
34. Kh1 Rfe6 35. gxf4 Qxf4 36. Rd7 Qe3 37. Rxe7+ Rxe7 38. Qd3 Qe6 39. Qd5 Qe2
40. Rg1 Nb5 41. Nxb7 Nc3 42. Qc6 Qh5 43. Nd6 Nd1 44. Qg2 Ne3 45. Qc6 Nd1 46.
Rf1 Qe2 47. Qg2 Qxg2+ 48. Kxg2 Ne3+ 49. Kf2 Nxf1 50. Kxf1 Rd7 51. Ke2 Kg7 52.
a4 Kf6 53. a5 Ke6 54. b5 Rc7 55. b6 Rxc5 56. Nb7 Rc2+ 57. Kd3 Ra2 58. Kc4 Kd7
59. Kc5 Rc2+ 60. Kb5 Rb2+ 61. Kc5 Rc2+ 62. Kb5 Rb2+ 63. Kc4 Kc6 64. Nd8+ Kd7
65. Kc5 Rxb6 66. axb6 Kxd8 67. Kd4 Kc8 68. Ke5 Kb7 69. Kf6 g5 70. Kg6 Kxb6 71.
Kxh6 g4 72. Kg5 Kc7 73. Kg6 Kd6 74. Kf6 Kd7 75. Kf7 Kd8 76. Kg8 Kd7 77. Kf7 Kd8
1/2-1/2

[Event "Championnat de France des Jeunes - Benjamines"]
[Site "MONTLUCON"]
[Date "2011.04.22"]
[Round "7.3"]
[White "Nicolas, Gabrielle"]
[Black "Susini, Noelia"]
[Result "0-1"]
[WhiteElo "1580"]
[BlackElo "1623"]
[PlyCount "106"]

1. d4 d5 2. c4 e6 3. Nc3 Nf6 4. Nf3 Be7 5. Bf4 O-O 6. e3 b6 7. cxd5 exd5 8. Rc1
Re8 9. a3 a6 10. Bd3 c5 11. O-O c4 12. Bc2 Nc6 13. b3 Bxa3 14. Rb1 b5 15. Ne5
Nb4 16. Qd2 Nxc2 17. Qxc2 Bd6 18. Ra1 Be6 19. f3 Nh5 20. g3 Nxf4 21. exf4 f6
22. Ng4 Qd7 23. Ne3 Bc7 24. b4 Bb6 25. Rfd1 Bf7 26. Qd2 a5 27. Na2 a4 28. Nc3
Rab8 29. Re1 Ba7 30. Nc2 Rb7 31. Rxe8+ Bxe8 32. Re1 Bf7 33. g4 Rb8 34. Na3 h5
35. h3 Rb6 36. Kg2 Bb8 37. Kh1 Bd6 38. Ne2 Rb8 39. f5 Re8 40. Nc2 Bc7 41. Nf4
Qd6 42. Rxe8+ Bxe8 43. Ne6 Bb8 44. Na3 Qg3 45. gxh5 Qxh3+ 46. Kg1 Bxh5 47. Qg2
Qxg2+ 48. Kxg2 c3 49. Kf2 Bd6 50. Nc5 g6 51. fxg6 Bxg6 52. Ke2 c2 53. Kd2 Bf4+
0-1

[Event "Championnat de France des Jeunes - Benjamines"]
[Site "MONTLUCON"]
[Date "2011.04.22"]
[Round "7.4"]
[White "Dusserre, Salome"]
[Black "Minaud, Emily"]
[Result "1-0"]
[WhiteElo "1560"]
[BlackElo "1670"]
[PlyCount "81"]

1. e4 e5 2. Nf3 Nc6 3. Bc4 Be7 4. O-O Nf6 5. Nc3 d6 6. h3 O-O 7. d4 exd4 8.
Nxd4 Kh8 9. Nf3 Ng8 10. Re1 f5 11. Nd5 fxe4 12. Rxe4 Nf6 13. Nxf6 Rxf6 14. Bg5
Rf8 15. Bxe7 Nxe7 16. Qe2 Ng6 17. Bb3 Bd7 18. Re1 Bc6 19. Re3 Bxf3 20. Rxf3 Ne5
21. Rxf8+ Qxf8 22. Qe4 c6 23. c3 Qf6 24. Bc2 g6 25. f4 Nd7 26. Qe7 Rd8 27.
Qxf6+ Nxf6 28. f5 g5 29. Re6 Kg7 30. Re7+ Kf8 31. Rxb7 Rd7 32. Rb8+ Kg7 33. Kf2
Nd5 34. Kf3 Kf6 35. Rf8+ Rf7 36. Rxf7+ Kxf7 37. Bb3 Kf6 38. Bxd5 cxd5 39. g4 a5
40. b3 h6 41. a3 1-0

[Event "Championnat de France des Jeunes - Benjamines"]
[Site "MONTLUCON"]
[Date "2011.04.22"]
[Round "7.5"]
[White "Mirete, Rita"]
[Black "Banat, Rizlene"]
[Result "0-1"]
[WhiteElo "1550"]
[BlackElo "1667"]
[PlyCount "118"]

1. e4 c5 2. d4 cxd4 3. c3 Nf6 4. e5 Nd5 5. cxd4 e6 6. a3 d6 7. b4 Bd7 8. Bb2 a6
9. Nf3 Bc6 10. Nc3 Nxc3 11. Bxc3 Nd7 12. Rc1 dxe5 13. dxe5 Nb6 14. Qxd8+ Rxd8
15. Be2 Be7 16. O-O O-O 17. b5 Bxf3 18. Bxf3 Nd5 19. bxa6 bxa6 20. Bb2 Rb8 21.
Rc2 Rb3 22. Be2 Bxa3 23. Bxa3 Rxa3 24. Rc6 a5 25. g3 g6 26. Rfc1 Kg7 27. Kg2
Nb4 28. Rc7 Ra8 29. Rb7 Nd5 30. Rc5 Rc3 31. Rcb5 Rc7 32. Rxc7 Nxc7 33. Rb3 Nd5
34. Bf3 a4 35. Ra3 Ra5 36. Bd1 Nb6 37. f4 h6 38. h4 g5 39. hxg5 hxg5 40. Kf3
Rd5 41. Bc2 gxf4 42. gxf4 f6 43. exf6+ Kxf6 44. Ke4 Rc5 45. Bd1 Rc4+ 46. Kf3
Kf5 47. Ke3 Re4+ 48. Kd3 Kxf4 49. Kc2 Re3 50. Ra2 e5 51. Kc1 a3 52. Kb1 e4 53.
Re2 Rxe2 54. Bxe2 Nd5 55. Bc4 Nb4 56. Kc1 Kf3 57. Kd1 a2 58. Bxa2 Nxa2 59. Ke1
Nb4 0-1

[Event "Championnat de France des Jeunes - Benjamines"]
[Site "MONTLUCON"]
[Date "2011.04.22"]
[Round "7.6"]
[White "Sauve, Anne-Charlotte"]
[Black "Imperor, Lorene"]
[Result "0-1"]
[WhiteElo "1756"]
[BlackElo "1672"]
[PlyCount "76"]

1. e4 c5 2. Nf3 Nc6 3. c3 d5 4. exd5 Qxd5 5. d4 Bg4 6. Be2 cxd4 7. cxd4 e6 8.
Nc3 Qd8 9. O-O Nf6 10. h3 Bh5 11. Bf4 Bd6 12. Bxd6 Qxd6 13. Qd2 O-O 14. Rfd1
Rfd8 15. Qe3 Nb4 16. Rac1 Rac8 17. a3 Nbd5 18. Nxd5 Nxd5 19. Qe5 Qxe5 20. dxe5
f6 21. exf6 gxf6 22. Nd4 Bxe2 23. Nxe2 Kf7 24. Nd4 Nb6 25. b3 Rxd4 26. Rxd4
Rxc1+ 27. Kh2 Rc3 28. Rb4 e5 29. a4 Rc7 30. Rb5 Ke6 31. Kg3 Nd5 32. f3 f5 33.
Kh4 e4 34. fxe4 fxe4 35. Kg3 e3 36. Kf3 e2 37. Kf2 Rf7+ 38. Ke1 Nc3 0-1

[Event "Championnat de France des Jeunes - Benjamines"]
[Site "MONTLUCON"]
[Date "2011.04.22"]
[Round "7.7"]
[White "Joudelat, Noemie"]
[Black "Malassagne, Isabelle"]
[Result "1-0"]
[WhiteElo "1732"]
[BlackElo "1638"]
[PlyCount "60"]

1. e4 c5 2. Nf3 d6 3. d4 cxd4 4. Nxd4 Nf6 5. Nc3 g6 6. g3 Bg7 7. Bg2 O-O 8. h3
a6 9. O-O Qb6 10. Nde2 Nc6 11. Nd5 Nxd5 12. exd5 Ne5 13. c3 Nc4 14. b3 Ne5 15.
Be3 Qc7 16. Rc1 Bf5 17. Nd4 Qd7 18. g4 Nxg4 19. Nxf5 gxf5 20. hxg4 fxg4 21. Bd4
Bh6 22. Be3 Bxe3 23. fxe3 f5 24. Qe1 h5 25. Qh4 Qe8 26. Qg5+ Kh8 27. Rxf5 Rxf5
28. Qxf5 Kg7 29. Be4 Qf7 30. Qh7+ Kf8 1-0

[Event "Championnat de France des Jeunes - Benjamines"]
[Site "MONTLUCON"]
[Date "2011.04.22"]
[Round "7.8"]
[White "Saliou, Sarah"]
[Black "Duval, Claire"]
[Result "1-0"]
[WhiteElo "1640"]
[BlackElo "1714"]
[PlyCount "59"]

1. e4 c6 2. d4 d5 3. Nc3 dxe4 4. Bc4 Nf6 5. f3 exf3 6. Nxf3 Bg4 7. Ne5 Be6 8.
Bxe6 fxe6 9. O-O g6 10. Bg5 Bg7 11. Ne2 Qb6 12. Nf4 c5 13. c3 Ne4 14. Qa4+ Nc6
15. Nxc6 bxc6 16. Nxe6 Kd7 17. d5 c4+ 18. Kh1 Rac8 19. Bh4 Be5 20. Rae1 Bxh2
21. Rxe4 Bd6 22. b3 cxb3 23. axb3 h6 24. Bf2 Rhf8 25. Nxf8+ Rxf8 26. Qxc6+ Qxc6
27. dxc6+ Kxc6 28. Kg1 a5 29. Rc4+ Kd7 30. Rd1 1-0

[Event "Championnat de France des Jeunes - Benjamines"]
[Site "MONTLUCON"]
[Date "2011.04.22"]
[Round "7.9"]
[White "Vernet, Solene"]
[Black "Dol, Cecile"]
[Result "1-0"]
[WhiteElo "1707"]
[BlackElo "1563"]
[PlyCount "39"]

1. e4 e6 2. d4 d5 3. exd5 exd5 4. c4 dxc4 5. Bxc4 Nf6 6. Nc3 Be7 7. Nf3 Bg4 8.
Bxf7+ Kf8 9. Bb3 Nc6 10. Be3 h5 11. h3 Bf5 12. Ng5 Qc8 13. Nf7 Rh7 14. Ne5 Nd8
15. Rc1 Bb4 16. O-O Bd6 17. Nb5 Bxe5 18. dxe5 Ne8 19. Bc5+ Nd6 20. Bxd6+ 1-0

[Event "Championnat de France des Jeunes - Benjamines"]
[Site "MONTLUCON"]
[Date "2011.04.22"]
[Round "7.10"]
[White "Rouffignac, Marie"]
[Black "Fesselier, Melissa"]
[Result "1-0"]
[WhiteElo "1551"]
[BlackElo "1690"]
[PlyCount "101"]

1. e4 e6 2. d3 d5 3. Nd2 c5 4. g3 Nc6 5. Ngf3 Bd6 6. Bg2 Nge7 7. O-O O-O 8. Re1
Ng6 9. h4 Nce5 10. Nxe5 Bxe5 11. Nf3 d4 12. Nxe5 Nxe5 13. f4 Nc6 14. e5 Ne7 15.
Be4 Nf5 16. Kg2 Rb8 17. Qf3 b6 18. h5 Qe7 19. Rh1 Bb7 20. Bxb7 Qxb7 21. Qxb7
Rxb7 22. Kf3 b5 23. Bd2 Rc8 24. g4 Ne7 25. h6 g6 26. b3 c4 27. dxc4 bxc4 28.
Ke4 cxb3 29. cxb3 Rd7 30. Rac1 Rxc1 31. Rxc1 Kf8 32. Bb4 Ke8 33. Bxe7 Kxe7 34.
Rd1 f5+ 35. exf6+ Kxf6 36. g5+ Ke7 37. Rxd4 Rc7 38. Ra4 Kd7 39. Ke5 Ke7 40. b4
Kf7 41. Ra6 Re7 42. a3 Rb7 43. Kd6 Re7 44. Rc6 e5 45. fxe5 Re6+ 46. Kd5 Re7 47.
e6+ Kf8 48. Rc8+ Re8 49. Rxe8+ Kxe8 50. Kd6 Kd8 51. b5 1-0

[Event "Championnat de France des Jeunes - Benjamines"]
[Site "MONTLUCON"]
[Date "2011.04.23"]
[Round "8.1"]
[White "Susini, Noelia"]
[Black "Haussernot, Cecile"]
[Result "0-1"]
[WhiteElo "1623"]
[BlackElo "2013"]
[Annotator ""]

1. e4 c5 2. Nf3 d6 3. c3 Nf6 4. Be2 e6 5. O-O Be7 6. Re1 O-O 7. Bf1 Nc6 8. d4
cxd4 9. cxd4 e5 10. d5 Nb8 11. h3 Nbd7 12. Nc3 a6 13. Be3 b5 14. b4 Nb6 15. Rc1
Bd7 16. Qd3 Ne8 17. Qd2 f5 18. Bg5 f4 19. Bxe7 Qxe7 20. Ne2 g5 21. Nh2 h5 22.
f3 Nc4 23. Qd3 Rf7 24. g4 hxg4 25. fxg4 Ne3 26. Rc3 f3 27. Kf2 fxe2+ 28. Kxe2
Nxf1 29. Rxf1 Rxf1 30. Nxf1 Nf6 31. Ne3 Rf8 32. Nf5 Bxf5 33. exf5 e4 34. Qd2
Nh7 35. Qd4 Nf6 36. Qd2 Nd7 37. Qd4 Qf6 38. Qxe4 Qxc3 39. Qe6+ Rf7 40. Qe8+ Nf8
41. Qd8 Qe5+ 42. Kf2 Qb2+ 43. Kf3 Qa3+ 44. Kf2 Qxa2+ 45. Kg3 Qb3+ 46. Kg2 Qxd5+
47. Kf2 Qd2+ 48. Kf3 Rh7 49. Kg3 Qe3+ 50. Kg2 Rxh3 51. Qxd6 Qf3+ 52. Kg1 Rh1#
0-1

[Event "Championnat de France des Jeunes - Benjamines"]
[Site "MONTLUCON"]
[Date "2011.04.23"]
[Round "8.2"]
[White "Bellaiche, Elise"]
[Black "Banat, Rizlene"]
[Result "1-0"]
[WhiteElo "1916"]
[BlackElo "1667"]
[PlyCount "39"]

1. e4 d6 2. d4 Nf6 3. Nc3 c6 4. Be3 Qa5 5. f3 e5 6. Qd2 Nbd7 7. O-O-O Be7 8.
Kb1 Qc7 9. g4 O-O 10. h4 Re8 11. h5 Nf8 12. g5 N6d7 13. g6 fxg6 14. Bc4+ Kh8
15. Bf7 Rd8 16. hxg6 h6 17. Bxh6 Nf6 18. Be3+ N8h7 19. Rxh7+ Nxh7 20. Qh2 1-0

[Event "Championnat de France des Jeunes - Benjamines"]
[Site "MONTLUCON"]
[Date "2011.04.23"]
[Round "8.3"]
[White "Baldi, Valentine"]
[Black "Dory, Manon"]
[Result "1-0"]
[WhiteElo "1589"]
[BlackElo "1620"]
[PlyCount "55"]

1. d4 d5 2. c4 e6 3. Nc3 Nf6 4. Nf3 b6 5. e3 Bb7 6. Bd3 Nbd7 7. O-O Be7 8. Qc2
O-O 9. e4 dxc4 10. Bxc4 c5 11. e5 Ng4 12. Ne4 cxd4 13. Neg5 g6 14. Qe2 Bxg5 15.
Bxg5 Qe8 16. Nxd4 Ndxe5 17. h3 Nxc4 18. hxg4 Qc8 19. Rac1 Qc5 20. Bh6 Qd5 21.
Nf3 Rfc8 22. b3 Nd6 23. Rxc8+ Rxc8 24. Rd1 Qe4 25. Qb2 Ne8 26. Qa3 Nf6 27. Qe7
Ne8 28. Qf8# 1-0

[Event "Championnat de France des Jeunes - Benjamines"]
[Site "MONTLUCON"]
[Date "2011.04.23"]
[Round "8.4"]
[White "Vernet, Solene"]
[Black "Dusserre, Salome"]
[Result "1-0"]
[WhiteElo "1707"]
[BlackElo "1560"]
[PlyCount "141"]

1. e4 c6 2. d4 d5 3. exd5 cxd5 4. Bd3 Nc6 5. c3 Nf6 6. Bf4 Bg4 7. Qb3 Na5 8.
Qa4+ Bd7 9. Qc2 Bg4 10. Nd2 e6 11. Ngf3 Bd6 12. Bxd6 Qxd6 13. Ne5 Bh5 14. Bb5+
Nc6 15. Qa4 Rc8 16. Qxa7 Qc7 17. Bxc6+ bxc6 18. Qxc7 Rxc7 19. a4 Ke7 20. a5 Ng4
21. O-O Nxe5 22. dxe5 Ra8 23. b4 Raa7 24. Rfb1 Be2 25. Nb3 Bd3 26. Rb2 f6 27.
Nc5 Bc4 28. exf6+ Kxf6 29. g4 e5 30. f3 Rf7 31. Rd1 Ke7 32. Kg2 g6 33. Na4 Ke6
34. Nb6 Ba6 35. Rbd2 Bb7 36. Na4 Kd6 37. Re2 h5 38. h3 h4 39. Rde1 Re7 40. Nc5
Bc8 41. Rd2 Rf7 42. Ne4+ Ke7 43. Nf2 Kf6 44. Nd3 Rfe7 45. g5+ Kxg5 46. Rxe5+
Rxe5 47. Nxe5 Rc7 48. Ra2 Ba6 49. Rb2 Bb5 50. Rc2 Kf5 51. Ng4 Ba6 52. Rd2 Rd7
53. Rd4 g5 54. Ne3+ Ke5 55. Rg4 Kf6 56. f4 gxf4 57. Rxf4+ Kg5 58. Rg4+ Kh5 59.
Nf5 Rf7 60. Nxh4 Bc8 61. Rd4 Rg7+ 62. Kh2 Ba6 63. Nf3 Rf7 64. Rh4+ Kg6 65. Ne5+
Kg5 66. Rg4+ Kf6 67. Nxf7 Kxf7 68. h4 Bd3 69. Kg3 Ke7 70. Kf4 Kd6 71. h5 1-0

[Event "Championnat de France des Jeunes - Benjamines"]
[Site "MONTLUCON"]
[Date "2011.04.23"]
[Round "8.5"]
[White "Dieuleveut, Floriane"]
[Black "Joudelat, Noemie"]
[Result "1-0"]
[WhiteElo "1636"]
[BlackElo "1732"]
[PlyCount "138"]

1. e4 c5 2. Nf3 d6 3. Bb5+ Nc6 4. O-O g6 5. Re1 Bg7 6. h3 Bd7 7. c3 Nf6 8. d4
Qa5 9. Qb3 cxd4 10. Bxc6 Bxc6 11. Nxd4 Ba4 12. Qxb7 Qd8 13. Nc6 Bxc6 14. Qxc6+
Nd7 15. Nd2 O-O 16. Nb3 Ne5 17. Qa6 Qc7 18. Nd4 Rab8 19. Qa4 Rb6 20. Qc2 Rfb8
21. b3 Nd7 22. Be3 a5 23. Rab1 Qb7 24. c4 Rc8 25. Qd2 a4 26. Nb5 Rxb5 27. cxb5
Bc3 28. Qd3 Bxe1 29. Rxe1 Ne5 30. Qd5 Qxd5 31. exd5 axb3 32. axb3 Rb8 33. b6
Nd7 34. Bg5 Nxb6 35. Rd1 f6 36. Be3 Nd7 37. Rb1 Rb5 38. b4 Kf8 39. Bh6+ Ke8 40.
Be3 Kd8 41. Kf1 Kc8 42. Ke2 Rxd5 43. b5 Kb7 44. b6 Nc5 45. Kf3 Rd3 46. Kf4 Ra3
47. Rb5 Nd7 48. Ke4 Nc5+ 49. Bxc5 dxc5 50. Kd5 Ra2 51. Kxc5 Rxf2 52. g4 Rc2+
53. Kd5 Rc3 54. Ke6 Rxh3 55. Kxe7 Rf3 56. Kf7 Rf4 57. Kg7 Rxg4 58. Kxf6 h5 59.
Rb2 Rg3 60. Ke5 h4 61. Rh2 g5 62. Kf5 Kxb6 63. Rc2 h3 64. Rh2 g4 65. Rh1 Rg2
66. Kf4 h2 67. Rb1+ Kc5 68. Rc1+ Kd4 69. Rh1 g3 1-0

[Event "Championnat de France des Jeunes - Benjamines"]
[Site "MONTLUCON"]
[Date "2011.04.23"]
[Round "8.6"]
[White "Imperor, Lorene"]
[Black "Nicolas, Gabrielle"]
[Result "1-0"]
[WhiteElo "1672"]
[BlackElo "1580"]
[PlyCount "75"]

1. d4 d5 2. c4 c6 3. cxd5 cxd5 4. Nc3 Nf6 5. Bf4 a6 6. e3 Nc6 7. Bd3 b6 8. Rc1
Bb7 9. Nf3 e6 10. O-O Bd6 11. Bxd6 Qxd6 12. a3 O-O 13. Na4 Ne7 14. Ne5 Ng6 15.
Nxg6 hxg6 16. Qe2 Nd7 17. f3 f5 18. Rfd1 g5 19. Bb1 Rf6 20. e4 fxe4 21. fxe4 e5
22. Ba2 Rh6 23. g3 Re8 24. exd5 Bxd5 25. Bxd5+ Qxd5 26. Nc3 Qe6 27. d5 Qe7 28.
Ne4 Nc5 29. d6 Qd8 30. Nxc5 bxc5 31. Qc4+ Ree6 32. d7 Kh8 33. Qxc5 Rc6 34. Qxc6
Rxc6 35. Rxc6 Kh7 36. Rdd6 g4 37. b4 Qa8 38. d8=Q 1-0

[Event "Championnat de France des Jeunes - Benjamines"]
[Site "MONTLUCON"]
[Date "2011.04.23"]
[Round "8.7"]
[White "Rouffignac, Marie"]
[Black "Saliou, Sarah"]
[Result "1-0"]
[WhiteElo "1551"]
[BlackElo "1640"]
[PlyCount "107"]

1. d4 d5 2. c4 e5 3. dxe5 d4 4. Nf3 Nc6 5. a3 a5 6. Nbd2 Bc5 7. Nb3 Ba7 8. Bf4
Be6 9. Qc2 a4 10. Nbd2 Bb6 11. Rd1 Nge7 12. Nb1 Ng6 13. e3 Nxf4 14. exf4 Ba5+
15. Nbd2 Bg4 16. Qe4 Qd7 17. h3 Bf5 18. Qd5 Qxd5 19. cxd5 Ne7 20. Nxd4 Be4 21.
d6 cxd6 22. exd6 Ng6 23. Bb5+ Kd8 24. O-O Bxd2 25. Rxd2 Nxf4 26. f3 Bg6 27. Re1
Nd5 28. Rde2 Nf6 29. g4 h6 30. h4 Rc8 31. g5 hxg5 32. hxg5 Nd7 33. Bxa4 Rc4 34.
Bxd7 Kxd7 35. Nb5 Kc6 36. Rd1 Rd8 37. b3 Rf4 38. Nd4+ Kb6 39. d7 Rxd7 40. Red2
Rd5 41. Kf2 Bh5 42. Ke3 Rh4 43. Rg1 Rh3 44. Rdg2 Kc5 45. Rc2+ Kd6 46. Rf2 Ke5
47. Ne2 Kf5 48. Ng3+ Kxg5 49. Nxh5+ Kxh5 50. Rxg7 Rh4 51. Rh7+ Kg5 52. Rg2+ Kf5
53. Rxh4 Re5+ 54. Kd4 1-0